SHRI PRAMANSAHASTRI (Record no. 357189)

MARC details
000 -LEADER
fixed length control field 004220000a22001690004500
005 - DATE AND TIME OF LATEST TRANSACTION
control field 20120302062618.0
040 ## - CATALOGING SOURCE
Original cataloging agency GUJ
100 ## - MAIN ENTRY--PERSONAL NAME
Personal name THAKARASI,PRAYAGJI
245 ## - TITLE STATEMENT
Title SHRI PRAMANSAHASTRI
260 ## - PUBLICATION, DISTRIBUTION, ETC. (IMPRINT)
Place of publication, distribution, etc MUMBAI: NIRNAYA SAGAR CHHAPKHANA,1895
300 ## - PHYSICAL DESCRIPTION
Extent 229 P.+13 P.+ 27 P.+79 P.+87 P.
650 ## - SUBJECT ADDED ENTRY--TOPICAL TERM
Topical term or geographic name as entry element HINDU DHARMA
650 ## - SUBJECT ADDED ENTRY--TOPICAL TERM
Topical term or geographic name as entry element BHAGVAD GEETA
650 ## - SUBJECT ADDED ENTRY--TOPICAL TERM
Topical term or geographic name as entry element PRAMAN SAHASTRI
650 ## - SUBJECT ADDED ENTRY--TOPICAL TERM
Topical term or geographic name as entry element THAKARASY
942 ## - ADDED ENTRY ELEMENTS (KOHA)
Koha item type Book
Holdings
Withdrawn status Lost status Damaged status Not for loan Home library Current library Date acquired Total Checkouts Barcode Date last seen Price effective from
        Institute For Oriental Study, Thane Institute For Oriental Study, Thane 12/02/2009   IOS-18245 12/02/2009 12/02/2009